Translations of the sublime (Record no. 97392)
[ view plain ]
| 000 -LEADER | |
|---|---|
| fixed length control field | 01530nam a2200361Ia 4500 |
| 082 04 - DEWEY DECIMAL CLASSIFICATION NUMBER | |
| Classification number | 808 |
| 245 00 - TITLE STATEMENT | |
| Title | Translations of the sublime |
| 260 ## - PUBLICATION, DISTRIBUTION, ETC. (IMPRINT) | |
| Place of publication | Boston : |
| Name of publisher | Brill, |
| Year of publication | 2012. |
| 300 ## - PHYSICAL DESCRIPTION | |
| Number of Pages | xix, 272 p. : |
| Other physical details | ill. |
| 490 0# - SERIES STATEMENT | |
| Series statement | Intersections ; |
| 650 #0 - SUBJECT ADDED ENTRY--TOPICAL TERM | |
| Topical Term | Sublime, The, in art. |
| Topical Term | Arts, Modern |
| 700 1# - ADDED ENTRY--PERSONAL NAME | |
| Personal name | Eck, Caroline van. |
| 856 40 - ELECTRONIC LOCATION AND ACCESS | |
| Uniform Resource Identifier | http://site.ebrary.com/lib/rucke/Doc?id=10608103 |
No items available.
